000 00339nam a2200133Ia 4500
005 20260328104253.0
008 260328s9999||||xx |||||||||||||| ||und||
100 _aHeinz, Thomas A.
245 4 _aThe Vision of Frank Lloyd Wright /
_cThomas A. Heinz
260 _bBarnes & Noble
300 _a447 p.
650 _aARQUITECTOS
942 _cBK
999 _c10314
_d10314